Score 0/16 Timer 02:30
3 Plays Today
% Correct
Anaheim Ducks
97.6%
Nike ACG
96.8%
Caterpillar
96%
Adobe
94.9%
YMCA
94.7%
Doritos
92.4%
Pink Floyd
91.6%
K2
90.6%
% Correct
Pontiac
89.5%
Infiniti
88.7%
Colorado Rockies (NHL)
86.3%
HSBC
85.5%
Quiksilver
79.7%
Zelda
75.3%
Kenwood
74.3%
Bass Brewery
59.5%
Remove Ads.
Support Sporcle.
Get the best of Sporcle when you Go Orange. This ad-free experience offers more features, more stats, and more fun while also helping to support Sporcle. Thank you for becoming a member.

You're not logged in!

Compare scores with friends on all Sporcle quizzes.
OR
Log In

Show Comments

Extras

Top Quizzes Today


Score Distribution

Your Account Isn't Verified!

In order to create a playlist on Sporcle, you need to verify the email address you used during registration. Go to your Sporcle Settings to finish the process.

Report this User

Report this user for behavior that violates our Community Guidelines.

Details: